Every Team Ohio State Lost To since 2008 - Statistics

General Stats
  • This quiz has been taken 60 times
  • The average score is 12 of 18
Answer Stats
Answer % Correct
Michigan
100%
Alabama
96%
Oregon
87%
Penn St
85%
Clemson
83%
Georgia
83%
Purdue
75%
Michigan St
68%
Iowa
60%
Texas
60%
Missouri
53%
Oklahoma
47%
Wisconsin
47%
USC
45%
Virginia Tech
45%
Florida
43%
Nebraska
43%
Miami
42%
No matching quizzes found
Score Distribution
Percent of People with Each Score
Percentile by Number Answered
Your Score History
You have not taken this quiz